书目信息 |
| 题名: |
舞蹈艺术
|
|
| 作者: | ;中国艺术研究院舞蹈研究所 编辑 | |
| 分册: | 第5辑 | |
| 出版信息: | 北京 文化艺术出版社 1983 |
|
| 页数: | 231页 | |
| 开本: | 20cm | |
| 丛书名: | ||
| 单 册: | ||
| 中图分类: | J71 | |
| 科图分类: | ||
| 主题词: | 舞蹈艺术--丛刊 | |
| 电子资源: | ||
| ISBN: | ||
| 000 | 00655nam0 2200205 45 | |
| 001 | 0183012517 | |
| 005 | 20060424103443.84 | |
| 010 | @dCNY0.85 | |
| 100 | @a19960320d1983 em y0chiy0121 ea | |
| 101 | 0 | @achi |
| 102 | @aCN@b110000 | |
| 105 | @ay z 000yy | |
| 200 | 10 | @a舞蹈艺术@Awu dao yi shu@e丛刊@h第5辑@f中国艺术研究院舞蹈研究所编辑@Fzhong guo yi shu yan jiu yuan wu dao yan jiu suo bian ji |
| 210 | @a北京@c文化艺术出版社@d1983 | |
| 215 | @a231页@d20cm | |
| 606 | @a舞蹈艺术@x丛刊 | |
| 690 | @aJ71@v4 | |
| 711 | 02 | @a中国艺术研究院舞蹈研究所@Azhong guo yi shu yan jiu yuan wu dao yan jiu suo@4编辑 |
| 801 | 0 | @aCN@bNLC@c20060424 |
| 905 | @dJ71@e3:5 | |
| 舞蹈艺术:丛刊.第5辑/中国艺术研究院舞蹈研究所编辑.-北京:文化艺术出版社,1983 |
| 231页;20cm |
| ISBN :CNY0.85 |
| ● |
| 相关链接 |
|
|
|
|
正题名:舞蹈艺术
索取号:J71/3:5
 
预约/预借
| 序号 | 登录号 | 条形码 | 馆藏地/架位号 | 状态 | 备注 |
| 1 | 0173694 | 001224829 | 第一借阅区/ [索取号:J71/3:5] | 在馆 | |
| 2 | 0173695 | 202282047 | 密集书库/ [索取号:J71/3:5] | 在馆 | |
| 3 | 0209108 | 001224776 | 第一借阅区/ [索取号:J71/3:5] | 在馆 | |
| 4 | 0209109 | 202224949 | 密集书库/ [索取号:J71/3:5] | 在馆 | |
| 5 | 0209110 | 001224838 | 第一借阅区/ [索取号:J71/3:5] | 在馆 |